[Event "Frauenbundesliga 2015/2016"]
[Site "Mattersburg/ St. Veit/ Graz"]
[Date "2015.11.07"]
[Round "2"]
[Board "3"]
[White "Molnar, Monika"]
[Black "Rampler, Evelyn"]
[Result "1/2-1/2"]
[WhiteElo "1866"]
[BlackElo "1840"]
[PlyCount "101"]
[EventDate "2015.11.06"]
[EventType "team"]
[EventRounds "7"]
[EventCountry "AUT"]
[WhiteTeam "Spg Steyr"]
[BlackTeam "ASVOE Wulkaprodersdorf"]

1. e4 c5 2. c3 Nf6 3. e5 Nd5 4. d4 cxd4 5. Nf3 Nc6 6. cxd4 d6 7. Bc4 e6 8. O-O
Nb6 9. Bb3 d5 10. Nc3 Be7 11. Be3 Na5 12. Bc2 Bd7 13. b3 Rc8 14. Ne2 Bb5 15.
Qd2 Nc6 16. a3 a5 17. Rfc1 a4 18. bxa4 Bxa4 19. Bxa4 Nxa4 20. Qd3 Nb2 21. Qb5
Nc4 22. Qxb7 N6a5 23. Qb5+ Qd7 24. Qxd7+ Kxd7 25. Rc3 Rb8 26. Nc1 Rb5 27. a4
Rb6 28. Nd3 Nb3 29. Nc5+ Nxc5 30. dxc5 Rb2 31. Bd4 Rhb8 32. Rcc1 R2b4 33. a5
R4b5 34. a6 Ra8 35. a7 h6 36. Rcb1 Rxb1+ 37. Rxb1 Kc6 38. Ra1 Bxc5 39. Bxc5
Kxc5 40. Kf1 Kb6 41. Ke2 Rxa7 42. Rxa7 Kxa7 43. Kd3 Kb6 44. Kd4 f6 45. exf6
gxf6 46. Nh4 Kc6 47. f4 Nd6 48. Ng6 Nf5+ 49. Kd3 Kc5 50. g4 Nd4 51. Nf8 1/2-1/2

[Event "Frauenbundesliga 2015/2016"]
[Site "Mattersburg/ St. Veit/ Graz"]
[Date "2015.11.07"]
[Round "2"]
[Board "4"]
[White "Tschida, Verena"]
[Black "Bernhard, Julia"]
[Result "1-0"]
[WhiteElo "1657"]
[BlackElo "1789"]
[PlyCount "63"]
[EventDate "2015.11.06"]
[EventType "team"]
[EventRounds "7"]
[EventCountry "AUT"]
[WhiteTeam "ASVOE Wulkaprodersdorf"]
[BlackTeam "Spg Steyr"]

1. d4 Nf6 2. c4 g6 3. Nf3 Bg7 4. Nc3 d6 5. e3 O-O 6. Be2 Nbd7 7. b3 c5 8. Bb2
cxd4 9. exd4 d5 10. O-O Re8 11. Rc1 a6 12. Re1 dxc4 13. bxc4 Nb6 14. Qb3 Bf5
15. a4 Ne4 16. Nxe4 Bxe4 17. a5 Nc8 18. Bc3 Bxf3 19. Bxf3 Bxd4 20. Bxd4 Qxd4
21. Qxb7 Nd6 22. Qb6 Qxb6 23. axb6 Rab8 24. c5 Nb5 25. b7 e6 26. c6 Nc7 27.
Rcd1 Kf8 28. Rd7 Re7 29. Red1 Nb5 30. Rxe7 Kxe7 31. Rd7+ Ke8 32. c7 1-0

[Event "Frauenbundesliga 2015/2016"]
[Site "Mattersburg/ St. Veit/ Graz"]
[Date "2015.11.07"]
[Round "2"]
[Board "1"]
[White "Theissl-Pokorna, Regina"]
[Black "Horvath, Reka"]
[Result "1-0"]
[WhiteElo "2345"]
[BlackElo "2036"]
[PlyCount "61"]
[EventDate "2015.11.06"]
[EventType "team"]
[EventRounds "7"]
[EventCountry "AUT"]
[WhiteTeam "ASVOE Pamhagen"]
[BlackTeam "Spg. Feldbach-Kirchberg"]

1. e4 c5 2. Nc3 Nc6 3. g3 g6 4. Bg2 Bg7 5. d3 d6 6. Be3 e5 7. Qd2 Nge7 8. Bh6
Bxh6 9. Qxh6 Nd4 10. Qd2 Be6 11. Nd5 Bxd5 12. exd5 Qd7 13. c3 Nb5 14. Ne2 Nc7
15. c4 b5 16. O-O O-O 17. f4 f6 18. Nc3 Rab8 19. Rae1 bxc4 20. dxc4 Na8 21. b3
Rbd8 22. Ne4 Rb8 23. fxe5 fxe5 24. Nf6+ Rxf6 25. Rxf6 Nf5 26. Bh3 Qd8 27. Qg5
Nd4 28. Ref1 Qe8 29. Be6+ Kh8 30. Qh6 Nxe6 31. dxe6 1-0

[Event "Frauenbundesliga 2015/2016"]
[Site "Mattersburg/ St. Veit/ Graz"]
[Date "2015.11.07"]
[Round "2"]
[Board "2"]
[White "Wilfling, Sandra"]
[Black "Kochetkova, Julia"]
[Result "0-1"]
[WhiteElo "1835"]
[BlackElo "2328"]
[PlyCount "96"]
[EventDate "2015.11.06"]
[EventType "team"]
[EventRounds "7"]
[EventCountry "AUT"]
[WhiteTeam "Spg. Feldbach-Kirchberg"]
[BlackTeam "ASVOE Pamhagen"]

1. d4 Nf6 2. c4 g6 3. Nc3 d5 4. cxd5 Nxd5 5. e4 Nxc3 6. bxc3 Bg7 7. Bc4 O-O 8.
Ne2 c5 9. Be3 Nc6 10. O-O Bg4 11. f3 Bd7 12. Rb1 Qc7 13. Bb3 Rfd8 14. Qd2 Na5
15. Bf4 Nxb3 16. Rxb3 e5 17. Bg3 cxd4 18. cxd4 Ba4 19. Rb2 Qe7 20. d5 Rac8 21.
Qb4 Qxb4 22. Rxb4 b5 23. Rb2 a5 24. Rc1 b4 25. Bf2 Rxc1+ 26. Nxc1 Rc8 27. Be3
Bf8 28. Nb3 Bxb3 29. axb3 Bc5 30. Bxc5 Rxc5 31. d6 Kf8 32. d7 Ke7 33. Rd2 Kd8
34. Kf2 Rc3 35. Rd5 Rxb3 36. Rxa5 Kxd7 37. Rxe5 Rb2+ 38. Ke3 Kc6 39. Re8 Rxg2
40. Rb8 Kc5 41. h3 Ra2 42. Rb7 Ra3+ 43. Ke2 f6 44. h4 h5 45. Rf7 b3 46. Kd3 b2+
47. Kc2 Rxf3 48. e5 Rb3 0-1

[Event "Frauenbundesliga 2015/2016"]
[Site "Mattersburg/ St. Veit/ Graz"]
[Date "2015.11.07"]
[Round "2"]
[Board "3"]
[White "Hapala, Elisabeth"]
[Black "Horvath, Orsolya"]
[Result "1/2-1/2"]
[WhiteElo "2227"]
[BlackElo "1899"]
[PlyCount "76"]
[EventDate "2015.11.06"]
[EventType "team"]
[EventRounds "7"]
[EventCountry "AUT"]
[WhiteTeam "ASVOE Pamhagen"]
[BlackTeam "Spg. Feldbach-Kirchberg"]

1. e4 c5 2. Nf3 e6 3. d4 cxd4 4. Nxd4 Nc6 5. Nc3 Qc7 6. Be3 Be7 7. Ndb5 Qb8 8.
Qg4 a6 9. Bb6 axb5 10. Nxb5 Qe5 11. Nc7+ Kf8 12. Nxa8 Qxb2 13. Qd1 Qa3 14. Bd3
Bb4+ 15. Ke2 Qxa8 16. a3 Bc3 17. Bc5+ Nge7 18. Rb1 Nd4+ 19. Ke3 e5 20. Qh5 Qa5
21. Bb4 Bxb4 22. axb4 Qc7 23. c3 Ne6 24. g3 d5 25. Rhc1 Bd7 26. c4 dxe4 27.
Bxe4 Bc6 28. Bxc6 Nxc6 29. Qf3 Ke7 30. c5 Rd8 31. Rd1 Rxd1 32. Qxd1 Ncd4 33.
Qd3 h6 34. Qe4 Ng5 35. Qd5 Nf5+ 36. Ke2 Nd4+ 37. Ke3 Nf5+ 38. Ke2 Nd4+ 1/2-1/2

[Event "Frauenbundesliga 2015/2016"]
[Site "Mattersburg/ St. Veit/ Graz"]
[Date "2015.11.07"]
[Round "2"]
[Board "4"]
[White "Felberbauer, Sara"]
[Black "Borek, Jutta"]
[Result "0-1"]
[WhiteElo "1542"]
[BlackElo "2037"]
[PlyCount "96"]
[EventDate "2015.11.06"]
[EventType "team"]
[EventRounds "7"]
[EventCountry "AUT"]
[WhiteTeam "Spg. Feldbach-Kirchberg"]
[BlackTeam "ASVOE Pamhagen"]

1. Nf3 c5 2. c4 Nc6 3. g3 Nf6 4. Bg2 d5 5. cxd5 Nxd5 6. O-O e5 7. d3 Be7 8. Bd2
O-O 9. Nc3 Be6 10. a3 Rc8 11. Rb1 a5 12. Nxd5 Bxd5 13. Bc3 f6 14. Qd2 a4 15.
Rfc1 b5 16. Qd1 Ba2 17. Ra1 Bb3 18. Qe1 Qd7 19. Bd2 Rfe8 20. Qf1 Be6 21. Be3
Na5 22. Nd2 Bd6 23. Rd1 b4 24. Ne4 Be7 25. Bxc5 Nb3 26. Bxe7 Qxe7 27. Rab1 bxa3
28. bxa3 Qxa3 29. Nd2 Rc2 30. Nxb3 axb3 31. Rdc1 Rec8 32. Rxc2 Rxc2 33. Qd1 Qc5
34. Be4 Qc3 35. d4 exd4 36. Bxc2 bxc2 37. Rb8+ Kf7 38. Qc1 Bb3 39. Rb7+ Kg6 40.
h4 d3 41. Rd7 dxe2 42. Re7 Bc4 43. Re3 Bd3 44. Kh2 h5 45. Kg1 Qb3 46. Kg2 Qb1
47. Qa3 c1=Q 48. Qa4 Qh1# 0-1

[Event "Frauenbundesliga 2015/2016"]
[Site "Mattersburg/ St. Veit/ Graz"]
[Date "2015.11.07"]
[Round "2"]
[Board "1"]
[White "Duessler, Stefanie"]
[Black "Novkovic, Julia"]
[Result "1/2-1/2"]
[WhiteElo "2054"]
[BlackElo "2146"]
[PlyCount "103"]
[EventDate "2015.11.06"]
[EventType "team"]
[EventRounds "7"]
[EventCountry "AUT"]
[WhiteTeam "SV Autohof St. Veit/Glan"]
[BlackTeam "SK Dornbirn"]

1. e4 e5 2. Nf3 Nc6 3. Bb5 a6 4. Ba4 Nf6 5. O-O Be7 6. Re1 b5 7. Bb3 d6 8. c3
O-O 9. h3 Na5 10. Bc2 c5 11. d4 Qc7 12. Nbd2 Nc6 13. d5 Nd8 14. Nf1 Ne8 15. b3
g6 16. N3h2 f6 17. c4 bxc4 18. bxc4 Ng7 19. Ng3 Nf7 20. Qe2 Rb8 21. Bd2 Bd7 22.
Rab1 Rxb1 23. Rxb1 Rb8 24. Rxb8+ Qxb8 25. Qe1 f5 26. Qc1 f4 27. Ne2 Ne8 28. Qa3
Nf6 29. Bc3 Qb7 30. Qb2 Qxb2 31. Bxb2 Nd8 32. Nf3 Nb7 33. Nd2 Bd8 34. Bc3 Kf7
35. Nc1 Ba5 36. Bxa5 Nxa5 37. Kh2 Ke7 38. Kg1 h5 39. h4 Nh7 40. Bd1 Be8 41.
Ncb3 Nb7 42. Nf3 Kf6 43. g3 g5 44. Kg2 g4 45. Nfd2 Nf8 46. f3 Bd7 47. Nb1 Ng6
48. Nc3 gxf3+ 49. Bxf3 Bg4 50. Ne2 Bxf3+ 51. Kxf3 fxg3 52. Kxg3 1/2-1/2

[Event "Frauenbundesliga 2015/2016"]
[Site "Mattersburg/ St. Veit/ Graz"]
[Date "2015.11.07"]
[Round "2"]
[Board "2"]
[White "Froewis, Annika"]
[Black "Tarmastin, Laura"]
[Result "1-0"]
[WhiteElo "2061"]
[BlackElo "1837"]
[PlyCount "51"]
[EventDate "2015.11.06"]
[EventType "team"]
[EventRounds "7"]
[EventCountry "AUT"]
[WhiteTeam "SK Dornbirn"]
[BlackTeam "SV Autohof St. Veit/Glan"]

1. e4 g6 2. d4 Bg7 3. Nc3 d6 4. f4 Nc6 5. Be3 e5 6. Bb5 Bd7 7. Nf3 exd4 8. Nxd4
Nf6 9. Be2 O-O 10. Bf3 Re8 11. O-O a6 12. Re1 Rb8 13. a3 Be6 14. Nxe6 Rxe6 15.
Qd3 Qe8 16. Rad1 Re7 17. Bf2 Qd7 18. Bh4 Ree8 19. e5 Nh5 20. Bxh5 gxh5 21. Ne4
Qg4 22. Bf6 Bh6 23. exd6 cxd6 24. Bc3 Kf8 25. Qxd6+ Ne7 26. Qxh6+ 1-0

[Event "Frauenbundesliga 2015/2016"]
[Site "Mattersburg/ St. Veit/ Graz"]
[Date "2015.11.07"]
[Round "2"]
[Board "3"]
[White "Krassnitzer, Maria"]
[Black "Breder, Jana"]
[Result "0-1"]
[WhiteElo "1605"]
[BlackElo "1855"]
[PlyCount "70"]
[EventDate "2015.11.06"]
[EventType "team"]
[EventRounds "7"]
[EventCountry "AUT"]
[WhiteTeam "SV Autohof St. Veit/Glan"]
[BlackTeam "SK Dornbirn"]

1. d4 d5 2. Nf3 c6 3. Bf4 Bf5 4. e3 Nf6 5. h3 Nbd7 6. Be2 h6 7. O-O e6 8. Nbd2
Be7 9. a3 O-O 10. b4 a5 11. c3 Ne8 12. Nb3 a4 13. Nc5 b5 14. Bd3 Bxd3 15. Qxd3
Nd6 16. Nxd7 Qxd7 17. Ne5 Qb7 18. g4 Rad8 19. f3 Bf6 20. Rf2 Bxe5 21. Bxe5 Nc4
22. Bf4 Qe7 23. Rg2 Rde8 24. g5 h5 25. g6 f6 26. Kh1 Qd7 27. Raa2 e5 28. Bh2
exd4 29. Qxd4 Qxh3 30. Rg3 Qf5 31. f4 Qb1+ 32. Rg1 Qe4+ 33. Rgg2 Qxd4 34. exd4
Re3 35. Bg1 Rh3+ 0-1

[Event "Frauenbundesliga 2015/2016"]
[Site "Mattersburg/ St. Veit/ Graz"]
[Date "2015.11.07"]
[Round "2"]
[Board "4"]
[White "Pilsan, Martha"]
[Black "Kogler, Alexandra"]
[Result "0-1"]
[WhiteElo "1658"]
[BlackElo "1431"]
[PlyCount "114"]
[EventDate "2015.11.06"]
[EventType "team"]
[EventRounds "7"]
[EventCountry "AUT"]
[WhiteTeam "SK Dornbirn"]
[BlackTeam "SV Autohof St. Veit/Glan"]

1. e4 c6 2. d4 d5 3. Nc3 dxe4 4. Nxe4 Bf5 5. Ng3 Bg6 6. Bc4 e6 7. h4 h6 8. Nf3
Bd6 9. Qe2 Nf6 10. O-O Bxg3 11. fxg3 O-O 12. Bb3 Bh5 13. Qd3 Bg6 14. Qd1 Nbd7
15. c4 Nb6 16. Ne5 Be4 17. Be3 Re8 18. Qe2 Nbd7 19. Rad1 Qe7 20. Bf4 Rad8 21.
g4 Bh7 22. g5 Ne4 23. Qg4 Nxe5 24. dxe5 hxg5 25. hxg5 Qc5+ 26. Kh2 Nf2 27. Qh4
Nxd1 28. Bxd1 Qxc4 29. Rh1 Bf5 30. Kg3 Rd3+ 31. Bf3 Kf8 32. g6 Bxg6 33. Qh8+
Ke7 34. Bg5+ Kd7 35. Qxg7 Qc5 36. Rh6 Kc8 37. Qf6 Qa5 38. a3 Qe1+ 39. Kh2 Qa5
40. Be2 Rdd8 41. Qf4 Rd5 42. Bf6 Qd2 43. Qxd2 Rxd2 44. Bf3 Rxb2 45. Rh4 Ra2 46.
Ra4 a6 47. Ra5 Kc7 48. Ra4 Ra8 49. Ra5 b5 50. Bg5 Kb6 51. Bxc6 Kxc6 52. Be3 Re2
53. Bg1 Rxe5 54. a4 Bc2 55. axb5+ Rxb5 56. Ra3 Rb3 57. Ra5 Rh8+ 0-1

[Event "Frauenbundesliga 2015/2016"]
[Site "Mattersburg/ St. Veit/ Graz"]
[Date "2015.11.07"]
[Round "2"]
[Board "1"]
[White "Fuchs, Judith"]
[Black "Landl, Margot"]
[Result "1-0"]
[WhiteElo "2342"]
[BlackElo "1881"]
[PlyCount "71"]
[EventDate "2015.11.06"]
[EventType "team"]
[EventRounds "7"]
[EventCountry "AUT"]
[WhiteTeam "Mayrhofen/SK Zell/Zillertal"]
[BlackTeam "tschaturanga"]

1. b3 d5 2. e3 Nf6 3. Bb2 g6 4. c4 c6 5. cxd5 cxd5 6. Bxf6 exf6 7. Ne2 Nc6 8.
Nbc3 Bg7 9. d4 Bf5 10. Ng3 Be6 11. Bb5 Rc8 12. O-O f5 13. Nge2 O-O 14. Qd2 g5
15. Rfc1 Ne7 16. Na4 Ng6 17. Rxc8 Bxc8 18. Rc1 f4 19. exf4 gxf4 20. f3 Qg5 21.
Kh1 Nh4 22. Rg1 Bh6 23. Nc5 Kh8 24. Bd7 Bxd7 25. Nxd7 Rg8 26. Ne5 Qf6 27. Qa5
Qe6 28. Qc7 Rg7 29. Qd8+ Rg8 30. Qxh4 Bg5 31. Qe1 f6 32. Nxf4 Qf5 33. Nf7+ Kg7
34. Nxg5 fxg5 35. Nh5+ Kf7 36. Ng3 1-0

[Event "Frauenbundesliga 2015/2016"]
[Site "Mattersburg/ St. Veit/ Graz"]
[Date "2015.11.07"]
[Round "2"]
[Board "2"]
[White "Cespedes Alba, Gladis Sandra"]
[Black "Schnegg, Anna-Lena"]
[Result "1-0"]
[WhiteElo "1878"]
[BlackElo "2149"]
[PlyCount "79"]
[EventDate "2015.11.06"]
[EventType "team"]
[EventRounds "7"]
[EventCountry "AUT"]
[WhiteTeam "tschaturanga"]
[BlackTeam "Mayrhofen/SK Zell/Zillertal"]

1. e4 e5 2. Nf3 Nc6 3. Bc4 Bc5 4. Nc3 Nf6 5. d3 d6 6. O-O O-O 7. Bg5 Be6 8. Bb3
h6 9. Bh4 g5 10. Bg3 a6 11. Qd2 Nh5 12. Kh1 Kh7 13. Ne2 Nf4 14. c3 Qf6 15. Ne1
Ba7 16. Bc2 Kh8 17. f3 Ne7 18. Bf2 Bxf2 19. Rxf2 Neg6 20. d4 Kg7 21. Ng3 Rae8
22. d5 Bd7 23. Nd3 Rh8 24. Re1 h5 25. Nf1 Rh6 26. Ne3 Reh8 27. Nxf4 gxf4 28.
Nf1 Kf8 29. g3 Rg8 30. Rg2 Bh3 31. Rg1 Bxf1 32. Rexf1 fxg3 33. Qxh6+ Ke7 34.
Rxg3 h4 35. Rg4 Kd7 36. Qg5 Qh8 37. Qf5+ Kd8 38. Rfg1 Rf8 39. Qg5+ Kd7 40. c4
 1-0

[Event "Frauenbundesliga 2015/2016"]
[Site "Mattersburg/ St. Veit/ Graz"]
[Date "2015.11.07"]
[Round "2"]
[Board "3"]
[White "Roeck, Vanessa"]
[Black "Steiner, Magdalena"]
[Result "0-1"]
[WhiteElo "1616"]
[BlackElo "1738"]
[PlyCount "90"]
[EventDate "2015.11.06"]
[EventType "team"]
[EventRounds "7"]
[EventCountry "AUT"]
[WhiteTeam "Mayrhofen/SK Zell/Zillertal"]
[BlackTeam "tschaturanga"]

1. d4 Nf6 2. Nf3 g6 3. e3 Bg7 4. Bd3 O-O 5. b3 d6 6. Bb2 Nbd7 7. Nbd2 b6 8. Qe2
Bb7 9. O-O c5 10. c4 Rc8 11. Rab1 d5 12. Ne5 Qc7 13. f4 dxc4 14. Ndxc4 Nxe5 15.
Nxe5 cxd4 16. Bxd4 Rfd8 17. Rb2 Ne4 18. Rc2 Qd6 19. Rfc1 Nc5 20. Bc4 e6 21. Bc3
Ne4 22. Bd4 Rc7 23. Bxe6 Bxe5 24. Rxc7 Bxd4 25. Bxf7+ Kf8 26. Kf1 Bxe3 27. Qxe3
Ba6+ 28. Ke1 Qb4+ 29. R1c3 Nxc3 30. Rxc3 Kxf7 31. Kf2 Qd6 32. Qe1 Qd2+ 33. Qxd2
Rxd2+ 34. Kg3 Rd3+ 35. Rxd3 Bxd3 36. Kf2 Ke6 37. Ke3 Bb1 38. a3 Kd5 39. Kd2 Kd4
40. b4 Kc4 41. Kc1 Be4 42. Kb2 Bxg2 43. h4 h5 44. Kc2 Be4+ 45. Kb2 Kd4 0-1

[Event "Frauenbundesliga 2015/2016"]
[Site "Mattersburg/ St. Veit/ Graz"]
[Date "2015.11.07"]
[Round "2"]
[Board "1"]
[White "Mar, Karmen"]
[Black "Lymysalo, Venla"]
[Result "1-0"]
[WhiteElo "2074"]
[BlackElo "1756"]
[PlyCount "139"]
[EventDate "2015.11.06"]
[EventType "team"]
[EventRounds "7"]
[EventCountry "AUT"]
[WhiteTeam "SC Extraherb WS"]
[BlackTeam "SK Baden"]

1. e4 c5 2. Nc3 d6 3. Nf3 a6 4. g3 e6 5. Bg2 Nc6 6. O-O Nf6 7. d4 cxd4 8. Nxd4
Qc7 9. Re1 Bd7 10. a4 Be7 11. Nb3 O-O 12. f4 Rfd8 13. a5 b6 14. axb6 Qxb6+ 15.
Be3 Qc7 16. Qe2 Bc8 17. e5 Ne8 18. Nb5 Qd7 19. Bb6 Bb7 20. Bxd8 Bxd8 21. Nc3
Bb6+ 22. Kh1 d5 23. Na4 Bd8 24. Nac5 Qc8 25. Nxb7 Qxb7 26. f5 Nc7 27. Qg4 exf5
28. Qxf5 Be7 29. Rf1 Rf8 30. Qf3 Nxe5 31. Qe2 Bf6 32. g4 Nc4 33. Qxc4 dxc4 34.
Bxb7 cxb3 35. cxb3 Bxb2 36. Ra2 Be5 37. Re1 f6 38. Bxa6 Nxa6 39. Rxa6 Rb8 40.
Rb1 Kf7 41. b4 Bd4 42. b5 Bb6 43. Rc1 Bd4 44. Rc4 Be3 45. Ra3 Bb6 46. Rc6 Bd4
47. Rd3 Be5 48. Rd7+ Kg6 49. b6 Ra8 50. h4 Ra4 51. h5+ Kh6 52. Rd5 Kg5 53. Rb5
Kxg4 54. b7 Kg3 55. Rb3+ Kg4 56. b8=Q Bxb8 57. Rxb8 Kxh5 58. Rb5+ Kg6 59. Rb7
Ra8 60. Rcc7 Rg8 61. Kg2 h5 62. Kg3 Kh6 63. Rf7 Kg6 64. Kf4 Kh6 65. Kf5 h4 66.
Kg4 Kg6 67. Kxh4 Kf5 68. Rxg7 Re8 69. Rb5+ Ke6 70. Rg4 1-0

[Event "Frauenbundesliga 2015/2016"]
[Site "Mattersburg/ St. Veit/ Graz"]
[Date "2015.11.07"]
[Round "2"]
[Board "2"]
[White "Stallinger, Vanessa"]
[Black "Zechner, Andrea"]
[Result "0-1"]
[WhiteElo "1757"]
[BlackElo "1892"]
[PlyCount "94"]
[EventDate "2015.11.06"]
[EventType "team"]
[EventRounds "7"]
[EventCountry "AUT"]
[WhiteTeam "SK Baden"]
[BlackTeam "SC Extraherb WS"]

1. e4 c6 2. d4 g6 3. Bd3 Bg7 4. Ne2 d5 5. e5 Nh6 6. Ng3 O-O 7. O-O c5 8. c3 Nc6
9. Bc2 b6 10. f4 cxd4 11. cxd4 Nb4 12. Bb3 Ba6 13. Rf3 e6 14. Nc3 Rc8 15. h3
Bc4 16. Ba4 b5 17. Nxb5 Bxb5 18. Bxb5 Nc2 19. Rb1 Qb6 20. Bd7 Nxd4 21. Rf2 Rc7
22. Be3 Rxd7 23. Bxd4 Qa6 24. b4 Rc8 25. a4 Bf8 26. Ra2 Rdc7 27. Qd2 Rc4 28. b5
Qb7 29. a5 Rxd4 30. Qe2 Rxf4 31. Kh2 Rfc4 32. b6 axb6 33. axb6 Rb8 34. Ra7 Qc6
35. b7 Bc5 36. Ra8 Rxa8 37. b8=Q+ Rxb8 38. Rxb8+ Bf8 39. Qd2 Nf5 40. Nxf5 exf5
41. Qh6 Qc5 42. h4 Qe7 43. g3 Rc2+ 44. Kh3 Rc4 45. h5 Rg4 46. hxg6 fxg6 47. e6
Qd6 0-1

[Event "Frauenbundesliga 2015/2016"]
[Site "Mattersburg/ St. Veit/ Graz"]
[Date "2015.11.07"]
[Round "2"]
[Board "3"]
[White "Mattersberger, Melanie"]
[Black "Panzenboeck, Sophie"]
[Result "1/2-1/2"]
[WhiteElo "1637"]
[BlackElo "1469"]
[PlyCount "52"]
[EventDate "2015.11.06"]
[EventType "team"]
[EventRounds "7"]
[EventCountry "AUT"]
[WhiteTeam "SC Extraherb WS"]
[BlackTeam "SK Baden"]

1. e4 c5 2. c3 Nc6 3. d4 cxd4 4. cxd4 g6 5. Nf3 Bg7 6. Nc3 a6 7. Bc4 e6 8. O-O
b5 9. Bb3 Bb7 10. d5 Na5 11. Bc2 h6 12. Re1 Rc8 13. dxe6 dxe6 14. Qxd8+ Kxd8
15. Rd1+ Ke8 16. Bb3 Bxc3 17. bxc3 Bxe4 18. Nd2 Bb7 19. Nf1 Nf6 20. Bf4 Nd7 21.
Rac1 Nc5 22. Bc2 Nc4 23. Be3 Nb2 24. Rd2 Nc4 25. Rdd1 Nb2 26. Rd2 Nc4 1/2-1/2

[Event "Frauenbundesliga 2015/2016"]
[Site "Mattersburg/ St. Veit/ Graz"]
[Date "2015.11.07"]
[Round "2"]
[Board "1"]
[White "Klek, Hanna-Marie"]
[Black "Truszkiewicz, Eliza"]
[Result "1-0"]
[WhiteElo "2326"]
[BlackElo "1909"]
[PlyCount "63"]
[EventDate "2015.11.06"]
[EventType "team"]
[EventRounds "7"]
[EventCountry "AUT"]
[WhiteTeam "Schach ohne Grenzen"]
[BlackTeam "Chessgraz"]

1. e4 e5 2. Bc4 Nf6 3. d3 Nc6 4. Nc3 Be7 5. f4 exf4 6. Bxf4 d6 7. Nf3 Be6 8.
Bb3 d5 9. exd5 Nxd5 10. Nxd5 Bxd5 11. Bxd5 Qxd5 12. Bxc7 Rc8 13. Bg3 Nb4 14.
O-O O-O 15. Rf2 Rc6 16. a3 Na6 17. c4 Qd8 18. b4 Re6 19. d4 Bf6 20. Rc1 Re3 21.
Ra2 Rfe8 22. Bf2 R3e4 23. d5 g5 24. Qd3 g4 25. Re1 Rxe1+ 26. Nxe1 Be5 27. Qf5
Qc7 28. Qxg4+ Kh8 29. Nf3 Bf4 30. Bd4+ Be5 31. Nxe5 Rxe5 32. Qg5 1-0

[Event "Frauenbundesliga 2015/2016"]
[Site "Mattersburg/ St. Veit/ Graz"]
[Date "2015.11.07"]
[Round "2"]
[Board "2"]
[White "Schmidbauer, Andrea"]
[Black "Anker, Christin"]
[Result "1-0"]
[WhiteElo "1876"]
[BlackElo "1822"]
[PlyCount "103"]
[EventDate "2015.11.06"]
[EventType "team"]
[EventRounds "7"]
[EventCountry "AUT"]
[WhiteTeam "Chessgraz"]
[BlackTeam "Schach ohne Grenzen"]

1. e4 e5 2. Nf3 Nc6 3. Bc4 Bc5 4. O-O d6 5. c3 Bb6 6. d4 Bg4 7. d5 Nce7 8. Bg5
Qd7 9. h3 Bh5 10. Nbd2 h6 11. Bxe7 Nxe7 12. a4 a6 13. a5 Ba7 14. Bb3 O-O 15.
Ba4 Qc8 16. b4 f5 17. exf5 Nxd5 18. g4 Nf4 19. Bb3+ Bf7 20. Bxf7+ Rxf7 21. Kh2
Qd7 22. Ne4 Qc6 23. Re1 Re8 24. Qd2 Kh8 25. Rac1 Qc4 26. Ng3 Nd3 27. Re4 Qb5
28. c4 Qxb4 29. Qxd3 Qxa5 30. Re2 Ref8 31. Nh4 Kg8 32. Ng6 Re8 33. f4 Bd4 34.
Rce1 Bc3 35. Rb1 b6 36. Qd5 Qxd5 37. cxd5 b5 38. fxe5 dxe5 39. Ne4 Bd4 40. Rc1
Rd8 41. Rc6 a5 42. d6 cxd6 43. Rxd6 Rxd6 44. Nxd6 Rd7 45. Nxb5 Kf7 46. Rxe5
Bxe5+ 47. Nxe5+ Ke7 48. Nxd7 Kxd7 49. Nc3 Kd6 50. Kg3 Ke5 51. Kf3 Kd4 52. Na4
 1-0

[Event "Frauenbundesliga 2015/2016"]
[Site "Mattersburg/ St. Veit/ Graz"]
[Date "2015.11.07"]
[Round "2"]
[Board "4"]
[White "Kaser, Gabriele"]
[Black "Kimpel, Janine"]
[Result "0-1"]
[WhiteElo "1266"]
[BlackElo "1906"]
[PlyCount "74"]
[EventDate "2015.11.06"]
[EventType "team"]
[EventRounds "7"]
[EventCountry "AUT"]
[WhiteTeam "Chessgraz"]
[BlackTeam "Schach ohne Grenzen"]

1. Nf3 d5 2. c4 e6 3. b3 Nf6 4. Bb2 Nc6 5. g3 Be7 6. Bg2 O-O 7. O-O d4 8. d3 e5
9. e4 Bg4 10. a3 a5 11. Qc2 Nd7 12. h3 Be6 13. Nbd2 Nc5 14. Nh2 Bg5 15. Ndf3
Be7 16. Ng4 f6 17. Nh4 Qd7 18. Bf3 Nd8 19. Bc1 Nf7 20. Qd1 Rab8 21. Be2 Bd6 22.
f4 exf4 23. gxf4 f5 24. exf5 Bxf5 25. Nxf5 Qxf5 26. Rf3 Ne6 27. Qe1 Nh8 28. Ne5
Bxe5 29. fxe5 Qxe5 30. Bd2 Ng6 31. Qf2 Ng5 32. Bxg5 Qxg5+ 33. Kh1 Rxf3 34. Bxf3
c6 35. Rg1 Qe3 36. Qh2 Qxf3+ 37. Rg2 Rf8 0-1

[Event "Frauenbundesliga 2015/2016"]
[Site "Mattersburg/ St. Veit/ Graz"]
[Date "2015.11.08"]
[Round "3"]
[Board "1"]
[White "Novkovic, Julia"]
[Black "Theissl-Pokorna, Regina"]
[Result "0-1"]
[WhiteElo "2146"]
[BlackElo "2345"]
[PlyCount "112"]
[EventDate "2015.11.06"]
[EventType "team"]
[EventRounds "7"]
[EventCountry "AUT"]
[WhiteTeam "SK Dornbirn"]
[BlackTeam "ASVOE Pamhagen"]

1. e4 e5 2. Nf3 Nc6 3. Bc4 Nf6 4. d3 Be7 5. c3 d6 6. Bb3 O-O 7. Nbd2 Na5 8. Bc2
c5 9. Nf1 Nc6 10. h3 Re8 11. Qe2 d5 12. Ng3 h6 13. Nh2 b5 14. Ng4 d4 15. O-O
Nxg4 16. hxg4 Be6 17. Nf5 Bg5 18. g3 Bxc1 19. Rfxc1 Rc8 20. Kg2 Qd7 21. Rh1
Bxf5 22. gxf5 Qe7 23. Rh5 dxc3 24. bxc3 b4 25. Bb3 bxc3 26. f6 Qxf6 27. Rf5 Nd4
28. Rxf6 Nxe2 29. Ra6 Re7 30. Re1 Nd4 31. Rc1 c2 32. Ra4 Nxb3 33. axb3 Rd7 34.
Rxc2 Rxd3 35. Rxa7 Rxb3 36. Rd2 Rb6 37. Rdd7 Rf6 38. Rd5 c4 39. Rxe5 c3 40. Ra1
c2 41. Rc1 Rb6 42. Rh5 Rb1 43. Rhh1 Rxc1 44. Rxc1 h5 45. f4 f6 46. f5 Rc3 47.
Kh3 Kh7 48. Kh4 Kh6 49. g4 Rc4 50. g5+ fxg5+ 51. Kg3 Rc3+ 52. Kf2 g4 53. Ke2
Kg5 54. Kd2 Rc7 55. Ke3 h4 56. Kf2 Kf4 0-1

[Event "Frauenbundesliga 2015/2016"]
[Site "Mattersburg/ St. Veit/ Graz"]
[Date "2015.11.08"]
[Round "3"]
[Board "2"]
[White "Kochetkova, Julia"]
[Black "Froewis, Annika"]
[Result "1-0"]
[WhiteElo "2328"]
[BlackElo "2061"]
[PlyCount "63"]
[EventDate "2015.11.06"]
[EventType "team"]
[EventRounds "7"]
[EventCountry "AUT"]
[WhiteTeam "ASVOE Pamhagen"]
[BlackTeam "SK Dornbirn"]

1. d4 d5 2. c4 e6 3. Nc3 Nf6 4. cxd5 exd5 5. Bg5 Be7 6. e3 c6 7. Bd3 Nbd7 8.
Qc2 O-O 9. Nf3 Re8 10. O-O Nf8 11. h3 Ne4 12. Bxe7 Qxe7 13. Bxe4 dxe4 14. Nd2
f5 15. Rae1 b5 16. f3 exf3 17. Nxf3 Qd6 18. e4 b4 19. e5 Qe6 20. Ne2 a5 21. b3
Ba6 22. Ng5 Qd5 23. Rxf5 Bxe2 24. Rxe2 Qxd4+ 25. Ref2 g6 26. Rf7 Qxe5 27. Nxh7
Qe1+ 28. Rf1 Qe3+ 29. Kh1 Qe6 30. Ng5 Qe5 31. Qc4 Qd5 32. Qh4 1-0

[Event "Frauenbundesliga 2015/2016"]
[Site "Mattersburg/ St. Veit/ Graz"]
[Date "2015.11.08"]
[Round "3"]
[Board "3"]
[White "Breder, Jana"]
[Black "Hapala, Elisabeth"]
[Result "1/2-1/2"]
[WhiteElo "1855"]
[BlackElo "2227"]
[PlyCount "53"]
[EventDate "2015.11.06"]
[EventType "team"]
[EventRounds "7"]
[EventCountry "AUT"]
[WhiteTeam "SK Dornbirn"]
[BlackTeam "ASVOE Pamhagen"]

1. d4 d5 2. c4 c6 3. cxd5 cxd5 4. Nc3 Nf6 5. Bf4 Nc6 6. e3 a6 7. Be2 Bf5 8. Nf3
h6 9. O-O e6 10. Rc1 Be7 11. Qb3 Ra7 12. Ne5 Nxe5 13. Bxe5 O-O 14. Na4 b5 15.
Nc5 Nd7 16. Nxd7 Qxd7 17. Qc3 Bd6 18. Bxd6 Qxd6 19. Qc5 Qb8 20. a3 Rd8 21. Rc3
Rb7 22. Rfc1 g5 23. Qc6 Rd6 24. Qc8+ Rd8 25. Qc6 Rd6 26. Qc8+ Rd8 27. Qc6
 1/2-1/2